000 00811cam a2200277I 4500
001 11050
003 (BD-RjUL)
005 20211208235048.0
008 720823r19541954enkab b 001 0 eng d
035 _a(BD-RjUL)11099
035 _a(OCoLC)00387423
035 _aGLIS00477071
040 _aMissouri. Univ. Libr.
_cWSU
_dm.c.
_dSER
_dRCD
_d(BD-RjUL)
_beng
041 _aeng
082 0 0 _219
_a943.32
_bWHA 1954
090 _aCC75
_b.W564
099 _aCC75.W564
100 1 _aWheeler, Mortimer,
_d1890-1976.
_934155
245 1 0 _aArchaeology from the earth /
_cWheeler, Mortimer
260 _aOxford :
_bClarendon Press,
_c1954.
300 _axi, 221 p. :
_bill. ;
_c23 cm.
504 _aInclude Index Bibliography
650 0 _aArchaeology
_xMethodology.
_93275
942 _2ddc
_cBK
999 _c11050
_d11050